00809nam a2200241 a 4500001001000000003000400010005001700014008004100031020001500072040002500087082001500112100002300127245009300150260002900243300002800272500003200300590002800332700002900360700003500389942001300424952011500437999001500552000004615OSt20200929151454.0090724s1984 ko a r 000 0 eng d a0674615751 aDO-SdBNPbspacBNPHU axxxxbxxxx1 aKi-baik Lee91345910aA new history of Korea /cKi-baik Lee, Eduard W. Wagner ; traducción Edward J. Shultz. aSeul :bIlchokak,c1984. a474 p. :bil. ;c23 cm. aIncluye datos biográficos aInventariado, 2020 / DG1 aWagner, Edwuar W.9134601 aShultz, Edward J.,etr.913461 2ddccLF1 00102ddc50718MOaGRbGRcCTd2009-07-24eDonaciòniLF1l0oxxxx xxxxp4615-10r2020-06-25w2020-06-25y1 c4423d4423